00703nam a2200193 a 450000100060000000300090000600800410001502000150005604000280007108200180009910000210011724500760013826000230021430000080023750501480024565000380039365000570043165000210048822749CO-ViMGA141112s2004 ck r 000 u spa d a9586908437 aCO-ViMGAbspacCO-ViMGA04a347.069 O776a1 aOssorio, Ángel10aEl alma de la toga : bElogio del abogado Hernando Londoño Jiménez aColombia : bLeyer a173 aLa fuerza interior, El secreto profesional, La moral del abogado, La independencia, El trabajador, La palabra, El amianto, Decalogo del abogado14a(ABOGADOS - ética PROFESIONAL) 14a(ABOGADOS - PRACTICA PROFESIONAL - ASPECTOS MORALES)14a(ética LEGAL)